[Event "Internet Section 06A g/8'+2\""]
[Site "Dos Hermanas"]
[Date "2004.03.06"]
[Round "7"]
[White "Cerda Ayala, Miguel Angel"]
[Black "Lindgard, Gaute"]
[Result "0-1"]
[WhiteElo "1555"]
[BlackElo "1990"]
[PlyCount "32"]
[EventDate "2004.03.06"]
[EventType "swiss (blitz)"]
[EventRounds "9"]
[EventCountry "ESP"]
[SourceTitle "CBM 099 Extra"]
[Source "ChessBase"]
[SourceDate "2004.05.04"]
[SourceVersion "1"]
[SourceVersionDate "2004.05.04"]
[SourceQuality "1"]

1. e4 c5 2. Nf3 e6 3. d4 cxd4 4. Nxd4 Nf6 5. Nc3 Nc6 6. Be3 Bb4 7. f3 d5 8. Qd3 0-0 9. 0-0-0 Ne5 10. Qd2 Qa5 11. Kb1 dxe4 12. Nb3 Qc7 13. fxe4 Nxe4 14. Qd4 Nxc3+ 15. bxc3 Bxc3 16. Qd3 Nxd3 0-1

[Event "Internet Section 06A g/8'+2\""]
[Site "Dos Hermanas"]
[Date "2004.03.06"]
[Round "1"]
[White "Jakovenko, Dmitrij"]
[Black "Lindgard, Gaute"]
[Result "1-0"]
[WhiteElo "2564"]
[BlackElo "1990"]
[PlyCount "65"]
[EventDate "2004.03.06"]
[EventType "swiss (blitz)"]
[EventRounds "9"]
[EventCountry "ESP"]
[SourceTitle "CBM 099 Extra"]
[Source "ChessBase"]
[SourceDate "2004.05.04"]
[SourceVersion "1"]
[SourceVersionDate "2004.05.04"]
[SourceQuality "1"]

1. e4 c5 2. Nf3 e6 3. d4 cxd4 4. Nxd4 Nf6 5. Nc3 Nc6 6. Ndb5 Bb4 7. a3 Bxc3+ 8. Nxc3 d5 9. Bd3 0-0 10. 0-0 d4 11. Ne2 e5 12. Bg5 h6 13. Bh4 g5 14. Bg3 Nh5 15. Nxd4 Nxg3 16. Nxc6 bxc6 17. hxg3 Rb8 18. b3 Be6 19. Qh5 Kg7 20. Rad1 Qb6 21. Kh2 f5 22. exf5 Bd5 23. Qg6+ Kh8 24. f6 Rb7 25. c4 e4 26. cxd5 exd3 27. Rxd3 cxd5 28. Rxd5 Rxf6 29. Qe8+ Kg7 30. Rd8 Kh7 31. Rfd1 Rg7 32. R1d7 Qxf2 33. Rxg7+ 1-0

[Event "Internet Section 06A g/8'+2\""]
[Site "Dos Hermanas"]
[Date "2004.03.06"]
[Round "8"]
[White "Lindgard, Gaute"]
[Black "Bianchi, Albino Angel"]
[Result "0-1"]
[WhiteElo "1990"]
[BlackElo "2187"]
[PlyCount "86"]
[EventDate "2004.03.06"]
[EventType "swiss (blitz)"]
[EventRounds "9"]
[EventCountry "ESP"]
[SourceTitle "CBM 099 Extra"]
[Source "ChessBase"]
[SourceDate "2004.05.04"]
[SourceVersion "1"]
[SourceVersionDate "2004.05.04"]
[SourceQuality "1"]

1. Nf3 f5 2. e4 Nf6 3. e5 Nd5 4. d4 d6 5. c4 Nb6 6. Nc3 e6 7. Bd3 Be7 8. 0-0 0-0 9. a4 a5 10. Be3 Nc6 11. Qe2 d5 12. cxd5 Nxd5 13. Nxd5 exd5 14. Rac1 Be6 15. g3 Nb4 16. Bb1 c6 17. h4 Bf7 18. Bg5 Bh5 19. Bxe7 Qxe7 20. Qe3 Na6 21. Ng5 h6 22. Nh3 Nc7 23. Nf4 Bf7 24. Ba2 Kh7 25. Rfe1 Ne6 26. Bb1 Nxf4 27. Bxf5+ Bg6 28. Bg4 Ne6 29. h5 Bf7 30. f4 Qb4 31. f5 Ng5 32. e6 Bg8 33. Kg2 Rae8 34. f6 Rxf6 35. Qd3+ Kh8 36. Rf1 Bh7 37. Qe3 Be4+ 38. Kg1 Qxb2 39. Be2 Rexe6 40. Rxf6 Rxf6 41. Rf1 Rxf1+ 42. Bxf1 Nf3+ 43. Kh1 Qh2# 0-1

[Event "Internet Section 06A g/8'+2\""]
[Site "Dos Hermanas"]
[Date "2004.03.06"]
[Round "6"]
[White "Lindgard, Gaute"]
[Black "Newton, Frankie"]
[Result "0-1"]
[WhiteElo "1990"]
[BlackElo "2252"]
[PlyCount "54"]
[EventDate "2004.03.06"]
[EventType "swiss (blitz)"]
[EventRounds "9"]
[EventCountry "ESP"]
[SourceTitle "CBM 099 Extra"]
[Source "ChessBase"]
[SourceDate "2004.05.04"]
[SourceVersion "1"]
[SourceVersionDate "2004.05.04"]
[SourceQuality "1"]

1. Nf3 b6 2. g3 Bb7 3. Bg2 e6 4. d3 Bb4+ 5. Nbd2 Bxd2+ 6. Bxd2 f5 7. c3 Nf6 8. Qc2 0-0 9. 0-0 d6 10. Ng5 Bxg2 11. Kxg2 Qe7 12. e4 h6 13. Nh3 fxe4 14. dxe4 e5 15. Rae1 Nbd7 16. f4 exf4 17. gxf4 Rae8 18. Nf2 Nh5 19. Nd3 Qh4 20. Rf3 Nc5 21. Nxc5 bxc5 22. Ref1 g5 23. Qb3+ Kh8 24. Qd1 Nxf4+ 25. Bxf4 Rxf4 26. Qd5 Qg4+ 27. Rg3 Qe2+ 0-1

[Event "Internet Section 06A g/8'+2\""]
[Site "Dos Hermanas"]
[Date "2004.03.06"]
[Round "3"]
[White "Nyback, Tomi"]
[Black "Lindgard, Gaute"]
[Result "1-0"]
[WhiteElo "2497"]
[BlackElo "1990"]
[PlyCount "53"]
[EventDate "2004.03.06"]
[EventType "swiss (blitz)"]
[EventRounds "9"]
[EventCountry "ESP"]
[SourceTitle "CBM 099 Extra"]
[Source "ChessBase"]
[SourceDate "2004.05.04"]
[SourceVersion "1"]
[SourceVersionDate "2004.05.04"]
[SourceQuality "1"]

1. Nf3 c5 2. c4 e6 3. d4 cxd4 4. Nxd4 Nf6 5. g3 Nc6 6. Bg2 Nxd4 7. Qxd4 g6 8. 0-0 Bg7 9. Nc3 0-0 10. Bg5 h6 11. Bf4 Nd5 12. Be5 f6 13. Bd6 Nxc3 14. Qxc3 Rf7 15. Rfd1 Bf8 16. Qb4 Qb6 17. Qa3 f5 18. c5 Qb5 19. e3 a5 20. Rd3 Ra6 21. Rb3 Qe2 22. Bf1 Qf3 23. Bxa6 bxa6 24. c6 dxc6 25. Rb8 c5 26. Bxf8 Rxf8 27. Qxc5 1-0

[Event "Internet Section 06A g/8'+2\""]
[Site "Dos Hermanas"]
[Date "2004.03.06"]
[Round "9"]
[White "Paciuk, Hector"]
[Black "Lindgard, Gaute"]
[Result "0-1"]
[WhiteElo "1803"]
[BlackElo "1990"]
[PlyCount "90"]
[EventDate "2004.03.06"]
[EventType "swiss (blitz)"]
[EventRounds "9"]
[EventCountry "ESP"]
[SourceTitle "CBM 099 Extra"]
[Source "ChessBase"]
[SourceDate "2004.05.04"]
[SourceVersion "1"]
[SourceVersionDate "2004.05.04"]
[SourceQuality "1"]

1. e4 c5 2. Nc3 e6 3. Nf3 a6 4. d3 d5 5. e5 Nc6 6. Be2 g6 7. 0-0 Bg7 8. Bf4 Nge7 9. Qd2 h6 10. Rae1 Bd7 11. Bd1 Qc7 12. Ne2 0-0-0 13. Ng3 g5 14. Be3 d4 15. Ne4 dxe3 16. Qxe3 Nf5 17. Qxc5 b6 18. Qa3 Kb7 19. g4 Nxe5 20. Nxe5 Bxe5 21. gxf5 exf5 22. Ng3 Bd6 23. Bf3+ Ka7 24. Qb3 g4 25. Bd5 f4 26. Ne4 g3 27. fxg3 fxg3 28. Rxf7 gxh2+ 29. Kh1 Bg3 30. Re2 Rhf8 31. Rg2 Rxf7 32. Bxf7 Bc6 33. Bg6 Qf4 34. Qf7+ Qxf7 35. Bxf7 Bxe4 36. Bh5 Bxg2+ 37. Kxg2 Rg8 38. Bf7 Rg7 39. Bd5 Bf4+ 40. Kf1 Rg1+ 41. Kf2 h1Q 42. Bxh1 Rxh1 43. Kf3 Bg5 44. Kg2 Ra1 45. a3 Ra2 0-1